Buildings for all to use 2 (Record no. 103615)

MARC details
000 -LEADER
fixed length control field 01640cam a2200361 4500
008 - FIXED-LENGTH DATA ELEMENTS--GENERAL INFORMATION
fixed length control field 040603n2004 000 0 eng u
020 ## - INTERNATIONAL STANDARD BOOK NUMBER
International Standard Book Number 086017610X
035 ## - SYSTEM CONTROL NUMBER
System control number (Sirsi) u126403
041 ## - LANGUAGE CODE
Language code of text/sound track or separate title eng
050 ## - LIBRARY OF CONGRESS CALL NUMBER
Classification number 725.54
-- 18
100 ## - MAIN ENTRY--PERSONAL NAME
Personal name Bright, Keith
245 ## - TITLE STATEMENT
Title Buildings for all to use 2
Remainder of title improving the accessibility of public buildings and environments
250 ## - EDITION STATEMENT
Edition statement 2nd ed.
260 ## - PUBLICATION, DISTRIBUTION, ETC.
Place of publication, distribution, etc. London
Name of publisher, distributor, etc. CIRIA
Date of publication, distribution, etc. 2004
300 ## - PHYSICAL DESCRIPTION
Extent 210p.
Other physical details ill.
Dimensions 30cm.
350 ## - PRICE (NR) (BK AM CF MU VM SE) [OBSOLETE]
Price 48
490 ## - SERIES STATEMENT
Series statement CIRIA Publication
Volume/sequential designation C610
520 ## - SUMMARY, ETC.
Summary, etc. Provides guidance for designers, building owners and managers on altering and adapting existing non-residential buildings to improve access for disabled people. Part one looks at the needs of users, legislation, modern management strategies, communicating, wayfinding and information, and historic buildings. Part two provides detailed design guidance to improve the physical accessibility of environments. Appendices.
650 ## - SUBJECT ADDED ENTRY--TOPICAL TERM
Topical term or geographic name entry element DISABILITY DISCRIMINATION ACT 1995
650 ## - SUBJECT ADDED ENTRY--TOPICAL TERM
Topical term or geographic name entry element HISTORIC BUILDINGS
650 ## - SUBJECT ADDED ENTRY--TOPICAL TERM
Topical term or geographic name entry element DESIGN GUIDANCE
650 ## - SUBJECT ADDED ENTRY--TOPICAL TERM
Topical term or geographic name entry element MANAGEMENT-BUSINESS MANAGEMENT-DISCRIMINATION-DISABILITY DISCRIMINATION-ACCESSIBILITY
650 ## - SUBJECT ADDED ENTRY--TOPICAL TERM
Topical term or geographic name entry element ALTERATIONS
650 ## - SUBJECT ADDED ENTRY--TOPICAL TERM
Topical term or geographic name entry element MANAGEMENT-BUSINESS MANAGEMENT-DISCRIMINATION-DISABILITY DISCRIMINATION-ACCESSIBILITY
690 ## - LOCAL SUBJECT ADDED ENTRY--TOPICAL TERM (OCLC, RLIN)
Topical term or geographic name as entry element BUILT ENVIRONMENT-CONSTRUCTION DESIGN
700 ## - ADDED ENTRY--PERSONAL NAME
Personal name Flanagan, Susan
700 ## - ADDED ENTRY--PERSONAL NAME
Personal name Embleton, Justine
700 ## - ADDED ENTRY--PERSONAL NAME
Personal name Selbekk, Laura
700 ## - ADDED ENTRY--PERSONAL NAME
Personal name Cook, Geoffrey
710 ## - ADDED ENTRY--CORPORATE NAME
Corporate name or jurisdiction name as entry element Construction Industry Research and Information Association
9 (RLIN) 4810
710 ## - ADDED ENTRY--CORPORATE NAME
Corporate name or jurisdiction name as entry element United Kingdom
Subordinate unit Department of Trade and Industry
942 ## - ADDED ENTRY ELEMENTS (KOHA)
Suppress in OPAC 0
Holdings
Withdrawn status Lost status Source of classification or shelving scheme Damaged status Not for loan Home library Current library Shelving location Date acquired Total Checkouts Full call number Barcode Date last seen Date last checked out Copy number Price effective from Koha item type
    Dewey Decimal Classification     London London Folio 03/06/2004 12 F725.54 BRI 30068754 06/08/2019 25/08/2009 1 06/08/2019 Book